000 00808nam a2200241 a 4500
001 nice12345678
003 IN_TiNIC
005 20260116014154.0
008 050524s2003 dela grp 000 0 eng
020 _a8171692
_c3500
082 0 0 _a305.480297030
_bCHA
100 _aChaturvedi, Archana
245 _aEncyclopaedia of Muslim Women
260 _aDelhi
_bCommenwealth Pub
_c2003
500 _aincludes index and biblioraphy
505 2 _aIndex, Quranic Verses
505 2 _aIndex, Quranic Verses00
_gV1.
_tMuslim Women and Development.--
_gV2.
_tMuslim Women and Society.--
_gV3.
_tMuslim Women and Law.--
_gV4.
_tMuslim Women from Tradition to Modernity.--
_gV5.
_tMuslim Wome
650 _aMuslim Women
700 1 _aChaturvedi, Archana
902 _bSRS
942 _cBK
999 _c14174
_d14174